书目信息 |
| 题名: |
英语六级考试:语法结构 词汇 综合改错
|
|
| 作者: | 王火焰 , 许明武 主编 | |
| 分册: | ||
| 出版信息: | 武汉 华中理工大学出版社 1997.03 |
|
| 页数: | 239页 | |
| 开本: | 32开 | |
| 丛书名: | ||
| 单 册: | ||
| 中图分类: | H314 | |
| 科图分类: | ||
| 主题词: | 英语 | |
| 电子资源: | ||
| ISBN: | 7-5609-1498-5 | |
| 000 | 00648nam0 2200205 45 | |
| 001 | 0009111048 | |
| 005 | 20000911103520.2 | |
| 010 | @a7-5609-1498-5@d7.00元 | |
| 100 | @a20000911d1997 km y0chiy0120 ea | |
| 101 | 0 | @achi |
| 105 | @a z 000yy | |
| 200 | 1 | @a英语六级考试:语法结构 词汇 综合改错@AYing Yu Liu Ji Kao Shi:Yu Fa Jie Gou Ci Hui Zong He Gai Cuo@f王火焰,许明武主编@FWang Huo Yan,Xu Ming Wu Zhu Bian |
| 210 | @a武汉@c华中理工大学出版社@d1997.03 | |
| 215 | @a239页@d32开 | |
| 606 | 0 | @a英语 |
| 690 | @aH314@v3 | |
| 701 | 0 | @a王火焰@4主编 |
| 701 | 0 | @a许明武@4主编 |
| 801 | @aCN@bPftUser@c20000911 | |
| 905 | @b134815-819@dH314@eW914/1@f5 | |
| 英语六级考试:语法结构 词汇 综合改错/王火焰,许明武主编.-武汉:华中理工大学出版社,1997.03 |
| 239页;32开 |
| ISBN 7-5609-1498-5:7.00元 |
| ● |
| 相关链接 |
|
|
|
正题名:英语六级考试:语法结构词汇综合改错
索取号:H314/W914/1
 
预约/预借
| 序号 | 登录号 | 条形码 | 馆藏地/架位号 | 状态 | 备注 |
| 1 | 134815 | 201348158 | 语言库209/209语言库 35排2列4层/ [索取号:H314/W914/1] | 在馆 | |
| 2 | 134816 | 201348167 | 语言库209/209语言库 35排2列4层/ [索取号:H314/W914/1] | 在馆 | |
| 3 | 134817 | 201348176 | 语言库209/209语言库 35排2列4层/ [索取号:H314/W914/1] | 在馆 | |
| 4 | 134818 | 201348185 | 语言库209/209语言库 35排2列4层/ [索取号:H314/W914/1] | 在馆 | |
| 5 | 134819 | 201348194 | 语言库209/209语言库 35排2列4层/ [索取号:H314/W914/1] | 在馆 |